| 000 | 00449nam a22001817a 4500 | ||
|---|---|---|---|
| 005 | 20200520105114.0 | ||
| 008 | 200520b xxu||||| |||| 00| 0 eng d | ||
| 020 | _a9788174733788 | ||
| 041 | _aeng | ||
| 082 | _a615.7 SHA | ||
| 100 |
_aSharma ,DC _95566 |
||
| 245 | _aM C Q'S in Biochmistry with wxplaiatory answers | ||
| 250 | _a2'nd | ||
| 260 |
_aDelhi _bAITB PUBLISHERS _c2019 |
||
| 300 | _a223, vii | ||
| 650 |
_aPharmacy _95569 |
||
| 942 | _cBK | ||
| 999 |
_c6306 _d6304 |
||